00899nam a2200157 a 450000100100000000500170001000800410002704000250006824502010009326000450029430000200033904900090035995201750036895201810054399900170072400003330320200930070150.0110823s1930 dr 000 0 spa d aDO-SdBNPbspacBNPHU00aSegundo informe comercial e industrial que el consul general de la República Dominicana en la Habana Sr. Pablo Cabral y Báez presenta al hon. Sr. Secretario de Estado de Relaciones Exteriores. aSanto Domingo : 1930. :b[s.n. ],c1930. a34 p. ;c24 cm. aBNPD 001050718RVaPDbPDcCTd2011-08-23iLF1l0o p33303-10r2020-06-25w2020-06-25y1zPerteneció a la biblioteca personal de Carlos Larrazábal Blanco.ZNo se presta 001050718RVaPDbPDcCTd2011-08-26iLF1l0o p33303-20r2020-06-25te. 2w2020-06-25y1zPerteneció a la biblioteca personal de Carlos Larrazábal Blanco.ZNo se presta c32794d32794